Southville International School and Colleges
Your cart is empty.
  • Cart
  • Lists
    Public lists Eva Luna New books Lux_list list_1
    Your lists Log in to create your own lists
  • Log in to your account
  • Your cookies
  • Search history
Southville International School and Colleges
  • Advanced search
  • Recent comments
  • Most popular
  • Libraries

Log in to your account

Log in with GOOGLE


If you do not have an external account, but do have a local account, you can still log in:

  1. Home
  2. MARC view: The Aquinos of Tarlac :
Normal view MARC view ISBD view

The Aquinos of Tarlac : (Record no. 1717)

[ view plain ]
MARC details
000 -LEADER
fixed length control field 00496nam a22001697a 4500
003 - CONTROL NUMBER IDENTIFIER
control field OSt
005 - DATE AND TIME OF LATEST TRANSACTION
control field 20140310181715.0
008 - FIXED-LENGTH DATA ELEMENTS--GENERAL INFORMATION
fixed length control field 121214t xxu||||| |||| 00| 0 eng d
050 ## - LIBRARY OF CONGRESS CALL NUMBER
Classification number CS 1399
Item number .J62 1984
082 ## - DEWEY DECIMAL CLASSIFICATION NUMBER
Classification number FIL 920
Item number J574 1983
100 ## - MAIN ENTRY--PERSONAL NAME
Personal name Joaquin, Nick
245 ## - TITLE STATEMENT
Title The Aquinos of Tarlac :
Statement of responsibility, etc Nick Joaquin.
Remainder of title an essay on history as three generations /
260 ## - PUBLICATION, DISTRIBUTION, ETC. (IMPRINT)
Place of publication, distribution, etc Manila,Philippines:
Name of publisher, distributor, etc Cacho Hermanos,
Date of publication, distribution, etc 1984.
300 ## - PHYSICAL DESCRIPTION
Extent 325 p. ;
Dimensions 22 cm.
942 ## - ADDED ENTRY ELEMENTS (KOHA)
Source of classification or shelving scheme Library of Congress Classification
Koha item type Books
Call number prefix Filipininana
Holdings
Withdrawn status Lost status Source of classification or shelving scheme Damaged status Home library Current library Shelving location Date acquired Total Checkouts Full call number Barcode Date last seen Copy number Price effective from Koha item type
    Library of Congress Classification   Luxembourg Library Luxembourg Library Filipiniana Section 12/14/2012   CS 1399 .J62 1984 4272 08/13/2013 1 12/14/2012 Books

The Aquinos of Tarlac :

APA

Joaquin N., . (1984). The Aquinos of Tarlac. Manila,Philippines: Cacho Hermanos.

Chicago

Joaquin Nick, . 1984. The Aquinos of Tarlac. Manila,Philippines: Cacho Hermanos.

Harvard

Joaquin N., . (1984). The Aquinos of Tarlac. Manila,Philippines: Cacho Hermanos.

MLA

Joaquin Nick, . The Aquinos of Tarlac. Manila,Philippines: Cacho Hermanos. 1984.

  • Place hold
  • Print
  • Cite
  • Add to your cart (remove)
  • Save record
    BIBTEX Dublin Core MARCXML MARC (non-Unicode/MARC-8) MARC (Unicode/UTF-8) MARC (Unicode/UTF-8, Standard) MODS (XML) RIS
  • More searches
    Search for this title in:
    Other Libraries (WorldCat) Other Databases (Google Scholar) Online Stores (Bookfinder.com) Open Library (openlibrary.org)

Exporting to Dublin Core...

SOUTHVILLE LIBRARY

Southville International School and Colleges Library

1281 Tropical Ave. Cor. Luxembourg St., BF Homes International, Las Pinas City

Tel. No. 8256374 / 252358 Loc. 117/146

Powered by Koha